| 000 | 00553nam a22001577a 4500 | ||
|---|---|---|---|
| 003 | macl | ||
| 005 | 20210210133039.0 | ||
| 008 | 210210b xxu||||| |||| 00| 0 eng d | ||
| 040 | _cmacl | ||
| 082 | _a891.431/NRI/P | ||
| 100 |
_aनिर्विकार , मुकेश् _980905 |
||
| 245 | _aहत्यारी सदी में जीवन की खोज | ||
| 260 |
_aगाजियाबाद _bसमन्वय प्रकाशन _c2017 |
||
| 650 |
_aकविता संग्रह _977489 |
||
| 942 |
_2ddc _cHIN |
||
| 999 |
_c64126 _d64126 |
||